00782nam a22002177a 450000500170000000800410001702000180005802000180007604000570009404100080015124500690015926000700022830000230029850400530032165000250037465000260039965000560042565000150048170000350049670000330053120140903174951.0131114s2013 enk frn 001 0 eng  a9780415582841 a9780415582858 aCO-BoUCMcAngélica RojasdAldemar Mondragónbspa00aeng00aSpecialist journalismceditado por Barry Turner y Richard Orange aLondres (Inglaterra)aNew York (Estados Unidos)bRoutledgec2013. axii, 216 páginas aIncluye referencias bibliográficas e índices 4aPeriodismo deportivo 4aPeriodismo político 7aPeriodismo especializadoxOrientación profesional 7aPeriodismo1 aOrange, Richardd1963-eeditor1 aTurner, Barryd1954-eeditor